000 00776nam a2200193Ii 4500
003 JO-AjNU
008 230605s9999||||xx |||||||||||||| ||und||
040 _aJO-AjNU
_bara
_erda
_cJO-AjNU
041 _aara
050 1 4 _aLB2342.2.2016
100 3 _aالمجلس الاقتصادي والاجتماعي الأردني,
_eauthor
_956698
245 0 0 _aدور الاستثمار في الجامعات الحكومية: الواقع الحالي والاتجاهات المستقبلية
264 3 1 _aعمان: المجلس الاقتصادي والاجتماعي، 2016
300 _a132ص
336 _atext
_btxt
_2rdacontent
337 _aunmediated
_bn
_2rdamedia
338 _avolume
_bnc
_2rdacarrier
650 4 _aالجامعات -- استثمار -- تمويل
_956699
999 _aA25365
_c28933
_d28933